000
00241nam a22001217a 4500
041
_a
ENG
100
_a
Yaacob.O
245
_a
Mangosteen Cultivation
260
_a
Rome
_b
Fao
_c
1995
300
_a
100
650
_a
FAO
856
_u
FAO ( 01 )
999
_c
2368
_d
2368